Most Attractive Women - Statistics

General Stats
  • This quiz has been taken 33 times
  • The average score is 7 of 10
Answer Stats
Number of Upvotes Country % Correct
308 Russia
90%
281 USA
87%
269 Japan
81%
276 Brazil
77%
296 Sweden
74%
345 Colombia
65%
311 Greece
55%
324 Poland
55%
301 Czechia
39%
284 Iceland
29%
No matching quizzes found
Score Distribution
Percent of People with Each Score
Percentile by Number Answered
Your Score History
You have not taken this quiz